000 01207cam a22003374a 4500
001 12162471
003 OSt
005 20140310182737.0
008 000901s2001 paua b 001 0 eng c
010 _a 00045386
020 _a9781451111088
035 _a(DNLM)100963898
040 _aDNLM/DLC
_cDLC
_dDLC
042 _apcc
050 0 0 _aRC 440
_b.V536 2011
100 1 _aVidebeck, Sheila L.
245 1 0 _aPsychiatric mental health nursing /
_cSheila L. Videbeck ; illustrations by Cathy J. Miller.
260 _aPhiladelphia :
_bLippincott,
_c2011.
300 _axvi, 524 p. :
_bcol. ill. ;
_c28 cm.
504 _aIncludes bibliographical references and index.
521 _aNUR
562 _efor circulation. 5 copies available in the collection
650 0 _aPsychiatric nursing.
650 1 2 _aPsychiatric Nursing.
650 2 2 _aMental Disorders
_xnursing.
906 _a7
_bcbc
_corignew
_d1
_eocip
_f20
_gy-gencatlg
942 _2lcc
_cBK
_kFOR
999 _c15512
_d15512